Vista normal
Vista MARC
Entrada Topical Term
Número de registros utilizados en: 1
001 - CONTROL NUMBER
- control field: 3981
003 - CONTROL NUMBER IDENTIFIER
- control field: OSt
005 - DATE AND TIME OF LATEST TRANSACTION
- control field: 20200506103654.0
008 - FIXED-LENGTH DATA ELEMENTS
- fixed length control field: 200506|| aca||aabn | a|a d
040 ## - CATALOGING SOURCE
- Original cataloging agency: OSt
- Transcribing agency: OSt
150 ## - HEADING--TOPICAL TERM
- Topical term or geographic name entry element: Capital social
670 ## - SOURCE DATA FOUND
- Source citation: Work cat.: (OSt)3932: Sudarsky Rosenbaum, John, autor 3980, El capital social de Colombia /, 2001